[Event "FICGS class D 000080 email"]
[Site "FICGS email"]
[Date "2008.02.23"]
[Round "1"]
[White "Krylova, Oksana"]
[Black "Van Den Bergh, Gunther"]
[Result "0-1"]
[WhiteElo "1698"]
[BlackElo "1586"]
[PlyCount "58"]
[EventDate "2008.??.??"]
[EventType "tourn (corr)"]
[EventRounds "6"]
[SourceTitle "Corr 2022"]
[Source "ChessBase"]
[SourceDate "2021.10.24"]
[SourceVersion "1"]
[SourceVersionDate "2021.10.24"]
[SourceQuality "1"]

1. e4 e5 2. f4 d5 3. exd5 exf4 4. Nf3 Nf6 5. d4 Nxd5 6. Bc4 Nc6 7. 0-0 Be6 8. Bb3 Qf6 9. Ne5 Nxe5 10. dxe5 Bc5+ 11. Kh1 Qxe5 12. Bxd5 Qxd5 13. Qxd5 Bxd5 14. Bxf4 0-0-0 15. Nc3 Bc4 16. Rfd1 Bd4 17. h3 Rhe8 18. Re1 h6 19. Rad1 Rxe1+ 20. Rxe1 g5 21. Be5 Re8 22. Re4 Bxc3 23. bxc3 Bxa2 24. Re1 f6 25. Bg3 Rxe1+ 26. Bxe1 Kd7 27. h4 Bb1 28. Bd2 Bxc2 29. Kg1 a5 0-1

[Event "FICGS class D 000080 email"]
[Site "FICGS email"]
[Date "2008.02.23"]
[Round "1"]
[White "Van Den Bergh, Gunther"]
[Black "Mascetra, Nicola"]
[Result "1-0"]
[WhiteElo "1586"]
[BlackElo "1800"]
[PlyCount "49"]
[EventDate "2008.??.??"]
[EventType "tourn (corr)"]
[EventRounds "6"]
[SourceTitle "Corr 2022"]
[Source "ChessBase"]
[SourceDate "2021.10.24"]
[SourceVersion "1"]
[SourceVersionDate "2021.10.24"]
[SourceQuality "1"]

1. e4 e5 2. f4 exf4 3. Nf3 Nf6 4. Nc3 d5 5. e5 Ne4 6. d3 Nxc3 7. bxc3 g5 8. h4 g4 9. Nd4 c5 10. Nb3 Bh6 11. g3 0-0 12. gxf4 Nc6 13. Nxc5 f6 14. f5 Bxc1 15. Qxg4+ Kh8 16. Rxc1 Nxe5 17. Qh3 Re8 18. Kd2 Qd6 19. Ne6 Bxe6 20. fxe6 f5 21. Qe3 d4 22. Qxd4 Qxd4 23. cxd4 Ng4 24. d5 Rad8 25. c4 1-0